Nông nghiệp với sinh kế bền vững /

Guardado en:
Detalles Bibliográficos
Autor principal: Nguyễn Linh Phương (biên soạn.)
Formato: Sách giấy
Lenguaje:Vietnamese
Publicado: H. : Văn hóa dân tộc, 2020.
Colección:Nông nghiệp xanh bền vững
Materias:
Etiquetas: Agregar Etiqueta
Sin Etiquetas, Sea el primero en etiquetar este registro!
Thư viện lưu trữ: Thư viện Trường Đại học Đà Lạt
LEADER 00862nam a2200313 4500
001 DLU210196399
005 ##20210521
020 # # |a 9786047027286 
040 # # |a DLU  |b vie 
041 # # |a vie 
044 # # |a vn 
082 # # |a 630  |b NG-P 
100 # # |a Nguyễn Linh Phương,  |e biên soạn. 
245 # # |a Nông nghiệp với sinh kế bền vững /  |c Nguyễn Linh Phương biên soạn. 
260 # # |a H. :  |b Văn hóa dân tộc,  |c 2020. 
300 # # |a 147 tr. :  |b minh họa;  |c 20 cm. 
490 # # |a Nông nghiệp xanh bền vững 
650 # # |a Nông nghiệp bền vững. 
923 # # |a 03/2020 
991 # # |a SH 
992 # # |a 62000 
994 # # |a DLU 
900 # # |a True 
911 # # |a Nguyễn Thanh Hương 
925 # # |a G 
926 # # |a A 
927 # # |a SH 
980 # # |a Thư viện Trường Đại học Đà Lạt